[Event "GER-chT U14 Girls"]
[Site "Duesseldorf"]
[Date "2016.12.29"]
[Round "6.4"]
[White "Heinze, Vanessa"]
[Black "Schilz, Luna"]
[Result "0-1"]
[WhiteElo "783"]
[BlackElo "1110"]
[PlyCount "72"]
[EventDate "2016.12.27"]
[EventType "team-swiss"]
[EventRounds "7"]
[EventCountry "GER"]
[SourceTitle "EXT 2018"]
[Source "ChessBase"]
[SourceDate "2017.10.13"]
[SourceVersion "1"]
[SourceVersionDate "2017.10.13"]
[SourceQuality "1"]
[WhiteTeam "Ammersee"]
[BlackTeam "Konz Karthaus"]
[WhiteTeamCountry "GER"]
[BlackTeamCountry "GER"]

1. e4 e5 2. Nf3 Nc6 3. Bc4 Bc5 4. Nc3 d6 5. h3 Nf6 6. d3 h6 7. Be3 Nd4 8. Bxd4 exd4 9. Ne2 Bb4+ 10. c3 dxc3 11. bxc3 Ba5 12. 0-0 0-0 13. Qd2 d5 14. exd5 Nxd5 15. Ned4 Bxc3 16. Qd1 Bxa1 17. Qxa1 Nf4 18. Qc1 Qf6 19. Re1 Be6 20. Nxe6 fxe6 21. Re3 Qg6 22. g3 Nxh3+ 23. Kg2 Ng5 24. Nxg5 Qxg5 25. Bxe6+ Kh7 26. Qxc7 Rab8 27. Re4 Qf6 28. f4 Kh8 29. Bc4 g5 30. Kf3 gxf4 31. Rxf4 Qg7 32. Bd5 Qxc7 33. d4 Rxf4+ 34. gxf4 Rf8 35. f5 Rxf5+ 36. Ke3 Rxd5 0-1

[Event "GER-chT U14 Girls"]
[Site "Magdeburg"]
[Date "2015.12.27"]
[Round "2.4"]
[White "Georgieva, Kalina"]
[Black "Heinze, Vanessa"]
[Result "1-0"]
[WhiteElo "732"]
[BlackElo "737"]
[PlyCount "53"]
[EventDate "2015.12.27"]
[EventType "team-swiss"]
[EventRounds "7"]
[EventCountry "GER"]
[SourceTitle "EXT 2017"]
[Source "ChessBase"]
[SourceDate "2016.10.25"]
[SourceVersion "1"]
[SourceVersionDate "2016.10.25"]
[SourceQuality "1"]
[WhiteTeam "Ersingen"]
[BlackTeam "Ammersee"]
[WhiteTeamCountry "GER"]
[BlackTeamCountry "GER"]

1. e4 e5 2. Nf3 Nc6 3. Nc3 Nf6 4. Bc4 Bc5 5. d3 h6 6. Be3 Bb6 7. 0-0 d6 8. h3 Be6 9. Nh4 Qd7 10. Qf3 Bxc4 11. dxc4 0-0-0 12. Nf5 Rhg8 13. Rad1 Nb4 14. c5 Ba5 15. Nb5 Nxa2 16. Qe2 Nb4 17. cxd6 Kb8 18. dxc7+ Qxc7 19. Nxc7 Bxc7 20. Qb5 Na6 21. Ne7 Rge8 22. Nc6+ Kc8 23. Nxa7+ Kb8 24. h4 Rxd1 25. Rxd1 Ng4 26. Qxe8+ Bd8 27. Qxd8# 1-0